[Event "AUT-ch Open 2020"]
[Site "Graz"]
[Date "2020.02.14"]
[Round "1.15"]
[White "Santiago, Yago De Moura"]
[Black "Ufimtsev, Egor"]
[Result "1/2-1/2"]
[WhiteElo "2488"]
[BlackElo "2174"]
[Annotator "TA"]
[PlyCount "132"]
[EventDate "2020.02.14"]
[EventType "swiss"]
[EventCountry "AUT"]
[SourceTitle "playchess.com"]
[Source "ChessBase"]
[SourceQuality "1"]

{[%evp 13,132,5,14,-29,95,94,102,94,87,91,106,103,146,137,165,163,169,101,97,91,89,85,124,112,120,121,115,97,126,126,272,259,237,238,243,192,218,235,226,204,358,339,308,132,137,131,132,62,64,22,22,14,109,21,23,6,6,6,6,9,8,-484,-486,-598,-606,-605,-605,-605,-605,-600,-600,-598,-598,-635,-598,-598,-583,-539,-453,-540,-540,-540,-521,-528,-489,-729,-595,-527,-479,-446,-440,-792,-806,-1399,-1360,-689,-4601,-1739,-818,-796,-756,-1008,-774,-671,-631,-1969,-1824,-1720,-355,-355,-341,-266,0,0,0,0,0,0,0,0,0]} 1. d4 Nf6 2. Nf3 e6 3. Bg5 Be7 4. Nbd2 d5 5. e3 O-O 6. Bd3 c5 7. c3 Nbd7 8. Qb1 {[#] D03: 1 d4 d5 2 Nf3 Nf6 3 Bg5, including Torre Attack with early ...d5.} Qc7 $146 {[#]} (8... h6 $11 9. Bf4 c4) ({Predecessor:} 8... h6 9. Bf4 Nh5 10. Be5 f5 11. h3 Nhf6 12. O-O Ne4 13. Qc2 Bf6 14. Bh2 c4 15. Be2 b5 {½-½ (51) Ghane Gardeh,S (2326)-Khodashenas,M (2343) Teheran 2015}) 9. Bxh7+ $1 $16 {[%mdl 512]} Nxh7 10. Bxe7 {White is better.} Re8 11. Bh4 b6 12. O-O f5 13. b4 a5 14. Bg3 Qd8 15. Rd1 (15. bxc5 $18 {Strongly threatening c6.} bxc5 16. c4) 15... axb4 16. cxb4 c4 17. a4 Nhf6 18. Qb2 Ne4 {next ...c3 is good for Black.} 19. Nxe4 fxe4 20. Nd2 Qg5 21. Nb1 e5 (21... Ba6 $16 22. Nc3 Nf8) 22. Nc3 $18 exd4 23. Rxd4 Nf6 24. Qd2 Be6 25. a5 bxa5 26. bxa5 Ra6 $2 {[#]} (26... Rec8 {is a better defense.} 27. a6 Rc6) 27. Nb5 $1 Rc8 28. Qb4 (28. Nc7 $18 Rxc7 29. Bxc7) 28... Ne8 29. Nc3 Rca8 30. Qb5 (30. Rd2 $16) 30... Qd8 $1 $14 {[%cal Ra6a5]} 31. Qb2 Rxa5 32. Rad1 Nf6 {[#]} (32... Qe7 $11) 33. h3 (33. Rxc4 $1 $16 {[%mdl 512] aiming for h3.} Bg4 (33... dxc4 34. Rxd8+) 34. Bc7 {[%mdl 64] Double Attack}) 33... Qe7 $11 34. Bh4 Qf7 35. Bxf6 Qxf6 36. Qb7 {[%cal Rc3d5]} Qf7 $36 {[%mdl 2048] Black has the initiative.} 37. Qc6 $2 {[%mdl 8192]} (37. Qb6 $11) 37... R8a6 $19 38. Rxc4 Rxc6 39. Rxc6 Qd7 40. Rb6 Qc7 41. Rxe6 Qxc3 42. Rd6 Qe5 43. Rd7 Kf8 44. Rb7 Ra1 {[%cal Ra1d1]} 45. Rbb1 Ra2 46. Rd4 Qf5 47. Rf1 Ke7 48. Rb4 Kd6 49. Rd4 (49. Rb6+ $142 Ke5 50. Rb8) 49... Rc2 50. Ra4 Ke5 51. Rb4 g5 52. Rd4 (52. Rb8 $142) 52... Rb2 53. Rdd1 g4 54. hxg4 Qxg4 55. Rb1 Rd2 56. Rb8 Qe2 57. Rf8 Rd3 58. Re8+ Kd6 {And now ...Rd1 would win.} 59. Rd8+ Ke7 60. Rh8 Rxe3 $2 (60... Rd1 61. Rxd1 Qxd1+ 62. Kh2 Qe1) 61. fxe3 Qxe3+ {KQ-KRR} 62. Kh1 d4 $2 ({Better is} 62... Qd2 $19 63. Ra1 Kd6) 63. Ra1 $1 $11 {The position is equal.} d3 64. Ra6 $1 {Intending Rh7+ and mate.} Qc1+ (64... Kf7 $5 65. Rh7+ $8 Kg8 $11) 65. Kh2 {Black must now prevent Rh7+.} Qf4+ 66. Kg1 {White wants to mate with Rh7+.} Qc1+ {Accuracy: White = 56%, Black = 62%.} 1/2-1/2

[Event "AUT-ch Open 2020"]
[Site "Graz"]
[Date "2020.02.14"]
[Round "1.16"]
[White "Hapala, Elisabeth"]
[Black "Diermair, Andreas"]
[Result "0-1"]
[WhiteElo "2170"]
[BlackElo "2483"]
[Annotator "TA"]
[PlyCount "56"]
[EventDate "2020.02.14"]
[EventType "swiss"]
[EventCountry "AUT"]
[SourceTitle "playchess.com"]
[Source "ChessBase"]
[SourceQuality "1"]

{[%evp 19,56,22,55,49,51,51,52,54,55,48,58,16,28,9,27,25,20,14,36,-54,-29,-92,-84,-204,-229,-285,-284,-279,-289,-570,-547,-594,-594,-1270,-1266,-1373,-1316,-1244,-489]} 1. e4 e5 2. Nf3 Nc6 3. Bb5 a6 4. Ba4 Nf6 5. O-O Be7 6. Re1 b5 7. Bb3 O-O 8. h3 Bb7 9. d3 d6 10. c3 Nd7 11. Nbd2 {C92: Closed Ruy Lopez: 9...Be6, Karpov and Flohr-Zaitsev Variations.} Nc5 12. Bc2 Ne6 13. Nf1 {White is slightly better.} Bf6 14. Ne3 g6 15. Ng4 Bg7 16. Bb3 {[#]} Qd7 $146 ({Predecessor:} 16... Na5 17. Bxe6 fxe6 18. b4 Nc6 19. a4 Qd7 20. axb5 axb5 21. Rxa8 Bxa8 22. Bh6 Nd8 23. Qd2 {½-½ (23) Sarlat,F (2200)-Acosta Ruiz,F (2200) ICCF email 1997}) 17. Bh6 f5 18. exf5 gxf5 19. Ng5 ({White should play} 19. d4 $14 Ncd8 20. Ng5 Bxh6 21. Nxh6+ Kh8 22. h4) 19... Ncd8 $1 $15 {[%cal Bc6d8,Bd8e6,Be6f4][%mdl 32]} 20. Bxg7 (20. d4 $1 $11 Bxh6 21. Nxh6+ Kg7 22. Qh5) 20... Kxg7 $17 21. Nxe5 (21. Nxe6+ $17 Nxe6 22. Ne3) 21... dxe5 $40 {[%mdl 128] Black wants a kill.} 22. Qh5 h6 23. Nxe6+ Nxe6 24. Rxe5 $2 {[#]} (24. Qe2 {keeps fighting.} e4 25. dxe4) 24... Nf4 {Black is clearly winning.} 25. Qd1 {Now Qd2 and White clings on.} Rae8 26. Rxe8 Rxe8 27. Qd2 Qd6 28. Re1 {[#]} Qxd3 {Accuracy: White = 38%, Black = 94%.} (28... Qg6 $142 $1 {[%csl Gb7,Gf4][%cal Rg6g2]} 29. g3 Qc6) 0-1

[Event "AUT-ch Open 2020"]
[Site "Graz"]
[Date "2020.02.14"]
[Round "1.17"]
[White "Yankelevich, Lev"]
[Black "Van den Bersselaar, Jeroen"]
[Result "1-0"]
[WhiteElo "2473"]
[BlackElo "2170"]
[Annotator "TA"]
[PlyCount "83"]
[EventDate "2020.02.14"]
[EventType "swiss"]
[EventCountry "AUT"]
[SourceTitle "playchess.com"]
[Source "ChessBase"]
[SourceQuality "1"]

{[%evp 9,83,-9,-21,-24,-12,-31,29,27,19,22,30,33,78,78,91,81,110,105,114,106,123,124,159,155,267,143,140,125,137,127,120,125,154,158,158,137,129,131,129,125,132,117,122,100,316,313,301,272,269,310,301,287,430,521,537,487,809,807,762,762,725,670,619,610,670,608,1382,1334,1133,1079,1561,1488,2107,1957,29978,29979]} 1. d4 d5 2. c4 c6 3. Nf3 Nf6 4. Nc3 dxc4 5. e4 b5 $1 {[%cal Bb7b5,Bb5b4][%mdl 32]} 6. Be2 {D15: Slav Defence: 4 Nc3 a6 and gambit lines after 4 Nc3 dxc4.} e6 7. O-O Be7 (7... Bb7 $15) 8. a4 $1 $11 {White has an edge.} b4 9. e5 Nd5 10. Ne4 h6 11. Bxc4 {[#]} Ba6 $146 ({Predecessor:} 11... a5 12. Bd2 Nb6 13. Bd3 Ba6 14. Qe2 Bxd3 15. Qxd3 Qd5 16. Rfc1 N8d7 17. Be3 c5 {1-0 (28) Halkias,S (2553)-Gretarsson,H (2412) Riga 2019}) 12. b3 (12. Nfd2 {keeps more tension.} O-O 13. Qg4 Kh8 14. Re1 Qb6 15. Qe2) 12... Nb6 13. Bxa6 Nxa6 14. Be3 Rc8 15. Nfd2 Nd5 16. Qg4 Nxe3 (16... Kf8 $16 17. Rfc1 Qd7) 17. Qxg7 (17. fxe3 $18 O-O 18. Rf3) 17... Nxf1 $16 18. Qxh8+ Kd7 19. Qxd8+ Rxd8 20. Kxf1 Ke8 21. Rc1 c5 22. Nf3 cxd4 23. Rc6 Nb8 24. Rc4 d3 25. Ke1 Nd7 26. Rd4 f5 $2 (26... a5 $16 {was necessary.}) 27. exf6 $1 $18 Nxf6 28. Nxf6+ Bxf6 29. Rxd8+ Bxd8 {[%mdl 4096] Endgame [#] KB-KN} 30. Ne5 $1 a5 (30... Bb6 {might work better.} 31. Nxd3 Ke7) 31. Kd2 Bb6 32. f3 Ke7 (32... Bc7 $142 33. Nc4 (33. Nxd3 Bxh2 34. Nc5 Bg1 $16) 33... Ke7 34. Kxd3 Kf6) 33. Kxd3 Bc7 34. Ke4 Kf6 35. Ng4+ Kg5 36. g3 h5 37. Ne3 h4 38. f4+ Kg6 39. gxh4 Kh5 40. Nc2 Kg4 41. Nd4 Bxf4 {[#]} 42. h3+ $1 {[%mdl 512] Accuracy: White = 92%, Black = 34%.} 1-0

[Event "AUT-ch Open 2020"]
[Site "Graz"]
[Date "2020.02.14"]
[Round "1.17"]
[White "Huber, Martin Christian"]
[Black "Matosec, Thomas"]
[Result "1/2-1/2"]
[WhiteElo "2340"]
[BlackElo "2071"]
[Annotator "TA"]
[PlyCount "60"]
[EventDate "2020.02.14"]
[EventType "swiss"]
[EventCountry "AUT"]
[SourceTitle "playchess.com"]
[Source "ChessBase"]
[SourceQuality "1"]

{[%evp 19,60,0,14,4,21,0,0,0,0,0,0,0,0,0,76,0,13,0,0,0,0,0,0,0,0,0,0,0,0,0,0,0,0,0,0,0,0,0,0,0,0,0,0]} 1. Nf3 f5 2. g3 Nf6 3. Bg2 d6 4. d4 g6 5. O-O Bg7 6. c4 O-O 7. Nc3 Nc6 8. d5 Ne5 9. Nxe5 dxe5 10. c5 {is the new trend.} e4 11. Qb3 {A89: Dutch Defence: Leningrad System: 5 Nf3 0-0 6 0-0 d6 7 Nc3 Nc6.} e6 {[%cal Re6d5]} 12. Rd1 exd5 13. Nxd5 Be6 {[%cal Rf6d5]} 14. Nxf6+ Qxf6 15. Qxb7 {[#]} a5 $146 ({Predecessor:} 15... Rad8 16. Bf4 Qxb2 17. Qxb2 Bxb2 18. Rab1 Rxd1+ 19. Rxd1 Rc8 20. a4 a5 21. f3 Ba3 {½-½ (28) Bocharov,D (2245)-Vaulin,A (2550) Tomsk 1998}) 16. Qxc7 Rfc8 {[#]} (16... a4 $11 17. a3 Rfc8) 17. Qf4 (17. Qb6 $1 $16) 17... Rxc5 {The position is equal.} 18. f3 exf3 19. Bxf3 Rd8 20. Be3 Rc4 $1 21. Qg5 Rxd1+ 22. Rxd1 Qxg5 23. Bxg5 Bxb2 24. Rd6 Kf7 25. Ra6 Bd4+ 26. e3 Rc1+ {[%mdl 64] [#] Discovered Attack} 27. Kg2 Rc2+ 28. Kg1 Rc1+ 29. Kg2 Rc2+ 30. Kg1 Rc1+ {Accuracy: White = 92%, Black = 94%.} 1/2-1/2

[Event "AUT-ch Open 2020"]
[Site "Graz"]
[Date "2020.02.14"]
[Round "1.17"]
[White "Ehs, Dominik"]
[Black "Paltrinieri, Nicholas"]
[Result "*"]
[WhiteElo "2071"]
[BlackElo "2347"]
[Annotator "TA"]
[PlyCount "37"]
[EventDate "2020.02.14"]
[EventType "swiss"]
[EventCountry "AUT"]
[SourceTitle "playchess.com"]
[Source "ChessBase"]
[SourceQuality "1"]

{[%evp 19,22,11,0,0,1]} 1. Nf3 f5 2. g3 Nf6 3. Bg2 d6 4. d4 g6 5. O-O Bg7 6. c4 O-O 7. Nc3 Nc6 8. d5 Ne5 9. Nxe5 dxe5 10. c5 {is cutting edge theory.} e4 11. Qb3 {A89: Dutch Defence: Leningrad System: 5 Nf3 0-0 6 0-0 d6 7 Nc3 Nc6.} e6 {[#]} {Predecessor:} 12. Rd1 $146 exd5 13. Nxd5 Be6 14. Nxf6+ Qxf6 15. Qxb7 Rad8 16. Bf4 Qxb2 17. Qxb2 Bxb2 18. Rab1 Rxd1+ 19. Rxd1 {½-½ (28) Bocharov,D (2245)-Vaulin,A (2550) Tomsk 1998} *

[Event "AUT-ch Open 2020"]
[Site "Graz"]
[Date "2020.02.14"]
[Round "1.18"]
[White "Kucharska, Honorata"]
[Black "Froewis, Georg"]
[Result "0-1"]
[WhiteElo "2167"]
[BlackElo "2461"]
[Annotator "TA"]
[PlyCount "76"]
[EventDate "2020.02.14"]
[EventType "swiss"]
[EventCountry "AUT"]
[SourceTitle "playchess.com"]
[Source "ChessBase"]
[SourceQuality "1"]

{[%evp 12,76,17,6,15,8,11,0,0,-20,-14,-11,-10,-53,-53,-54,-46,-40,-47,-120,-116,-110,-92,-86,-86,-131,-119,-128,-124,-127,-119,-138,-145,-143,-143,-161,-137,-125,-117,-133,-127,-149,-144,-156,-152,-200,-161,-188,-155,-161,-152,-152,-152,-232,-212,-370,-375,-518,-515,-516,-502,-491,-485,-562,-543,-541,-522]} 1. d4 e6 2. Nf3 Nf6 3. e3 b6 4. Bd3 Bb7 5. O-O d5 6. b3 Nbd7 7. Bb2 Be7 {D05: Colle System with ...e6.} 8. Nbd2 Ne4 9. Ne5 O-O {The position is equal.} 10. f3 Nxe5 11. dxe5 Nc5 12. f4 Nxd3 13. cxd3 c5 {[#]} 14. Qe2 $146 ({Predecessor:} 14. Nf3 Rc8 15. Rf2 b5 16. g4 c4 17. Bd4 Bc5 18. Bxc5 Rxc5 19. d4 Rc8 20. b4 {½-½ (40) Wager,J (2117)-Zhu,R (1869) Coventry 2015}) 14... a5 15. f5 (15. a4 $15) 15... exf5 $17 16. Rxf5 Bc8 17. Rf2 a4 18. Raf1 axb3 19. axb3 Ra2 20. Nf3 Be6 21. Qc2 Qd7 22. Qb1 Rfa8 23. Bc3 Qa7 24. d4 Rxf2 25. Rxf2 Qb7 26. Rf1 Qd7 27. Qd3 h6 28. h3 Ra2 29. Rf2 Bf5 30. Qf1 Rxf2 31. Qxf2 Qb5 32. Qa2 (32. Qb2 $17 {was worth a try.}) 32... Qd3 $19 33. Bd2 $2 (33. Qd2) 33... Be4 34. Qb2 Qe2 {[#] Threatens to win with ...Bg5.Black is clearly winning.} 35. Bc1 Bxf3 36. gxf3 Qxf3 37. Qg2 Qd1+ 38. Qf1 Qxb3 {Accuracy: White = 48%, Black = 91%.} 0-1

[Event "AUT-ch Open 2020"]
[Site "Graz"]
[Date "2020.02.14"]
[Round "1.18"]
[White "Kobas, Mihael"]
[Black "Stoleriu, George"]
[Result "0-1"]
[WhiteElo "2068"]
[BlackElo "2337"]
[Annotator "TA"]
[PlyCount "54"]
[EventDate "2020.02.14"]
[EventType "swiss"]
[EventCountry "AUT"]
[SourceTitle "playchess.com"]
[Source "ChessBase"]
[SourceQuality "1"]

{[%evp 15,62,0,0,-9,0,0,0,0,0,0,10,0,11,7,8,0,27,0,0,-144,-141,-110,-39,-40,-37,-37,-45,-60,-6,-47,-50,-59,-59,-67,-67,-62,-63,-77,-75,-75,-55,-119,-105,-112,-106,-742,-738,-695,-620]} 1. d4 e6 2. Nf3 Nf6 3. e3 b6 4. Bd3 Bb7 5. O-O Be7 6. Nbd2 c5 7. c3 O-O 8. Qe2 Nc6 9. b3 {A47: 1 d4 Nf6 2 Nf3 b6: Torre, London and Colle Systems.} d5 10. Bb2 Rc8 11. Rac1 {The position is equal.} Qc7 {[#]} 12. Rfe1 $146 ({Predecessor:} 12. c4 dxc4 13. bxc4 Rcd8 14. h3 h6 15. Rfd1 Rfe8 16. Nb3 Nb4 17. Bb1 Ne4 18. Bxe4 {½-½ (18) Archangelsky,M (2043)-Hardicsay,P (2223) Bled 2018}) 12... Qb8 13. c4 cxd4 14. exd4 dxc4 15. bxc4 Rfd8 16. Ne4 {d5 is the strong threat.} Nb4 17. Nxf6+ (17. d5 $11) 17... Bxf6 $17 18. Bb1 Qf4 ({Black should play} 18... Bxf3 $1 $17 19. Qxf3 Nc6) 19. Qe3 Qg4 {Threatens to win with ...Bxf3.} 20. h3 Qh5 {White must now prevent ...Bxf3.} 21. Ne5 Bxe5 (21... Nc6 $1 $15) 22. Qxe5 (22. dxe5 {is more complex.} Na6 23. Ba3 Nc5 24. Bc2 Qh4 25. Bxc5 bxc5 26. Red1) 22... Qxe5 $40 {[%mdl 128] Black is up to no good.} 23. dxe5 Ba6 24. a3 Nd3 25. Bxd3 $1 Rxd3 26. Re4 h6 27. Rc2 Rd7 {Played: Rc8-c5} 0-1

[Event "AUT-ch Open 2020"]
[Site "Graz"]
[Date "2020.02.14"]
[Round "1.19"]
[White "Gavrilescu, David"]
[Black "Cosman, Andreea-Marioara"]
[Result "1/2-1/2"]
[WhiteElo "2455"]
[BlackElo "2165"]
[Annotator "TA"]
[PlyCount "123"]
[EventDate "2020.02.14"]
[EventType "swiss"]
[EventCountry "AUT"]
[SourceTitle "playchess.com"]
[Source "ChessBase"]
[SourceQuality "1"]

{[%evp 19,123,49,39,32,38,39,35,0,0,0,0,-12,0,-5,-4,-15,-2,-22,0,-83,-39,-86,-88,-112,-106,-140,-123,-162,-168,-169,-154,-160,-162,-164,-176,-161,-180,-194,-189,-143,-134,-131,-116,-117,-87,-135,-135,-152,-145,-320,-319,-345,-277,-277,-277,-277,-238,-238,-191,-191,-191,-191,-110,-330,0,-191,-191,-222,-222,-222,-100,-192,0,0,0,0,0,0,0,0,0,0,0,-277,-277,-279,-285,-285,0,0,0,-44,-52,-85,0,0,0,-30,0,0,0,0,0,-267,-291,-321]} 1. e4 c5 2. Nf3 d6 3. Bb5+ Bd7 4. Bxd7+ Qxd7 5. c4 Nc6 6. Nc3 Nf6 7. d4 cxd4 8. Nxd4 Qg4 9. Qxg4 Nxg4 10. Nxc6 bxc6 11. Ke2 {B52: Sicilian: Moscow Variation with 3...Bd7.} Rb8 12. b3 g6 13. Bf4 {White is slightly better.} Bg7 14. Rac1 c5 15. Rhd1 Rb7 16. Nd5 Ne5 {[#]} 17. h4 $146 ({Predecessor:} 17. Bxe5 Bxe5 18. f4 Bg7 19. Nc3 O-O 20. Rd5 Rc8 21. Kd3 Rb6 22. Kc2 Bd4 23. Nb5 {½-½ (37) Rabiega,R (2527)-Meins,G (2460) Hoeckendorf 2004}) 17... h5 18. Bg5 Nc6 19. Kf1 (19. b4 $11) 19... Kd7 20. Rd3 Rhb8 21. Rcd1 Ke8 22. Re1 a5 23. Rd2 {[#]} a4 $1 {[%mdl 512]} 24. bxa4 Ra8 25. Rd3 Rxa4 26. Rb3 Rxb3 27. axb3 Ra2 28. Rb1 Bd4 29. Be3 Bxe3 30. Nxe3 $17 {[%mdl 4096] Endgame KRN-KRN} Kd7 31. Nd5 Nb4 32. Rd1 Rb2 33. Nxb4 cxb4 {KR-KR} 34. e5 $2 (34. c5 $17 {was worth a try.}) 34... Rxb3 $19 35. exd6 Rc3 36. dxe7+ Kxe7 37. Rd5 Rxc4 38. g3 Rc2 {White must now prevent ...b3.} 39. Rb5 Rb2 40. Rb6 Kd7 (40... b3 $19 41. Ke1 Rb1+ 42. Kd2 b2) 41. Rf6 $2 (41. Ke1 $17 {was forced.}) 41... Ke7 (41... b3 $142 42. Rb6 Kc7) 42. Rb6 b3 43. Kg2 Rb1 44. Kf3 {[#]} Kd7 (44... f6 $1 $19 {is more deadly.} 45. Ke2 b2 46. Rb7+ Kd6) 45. Rf6 {[#]} (45. Ke3 $17) 45... b2 $2 ({Black should play} 45... Rb2 $1 $19 46. Rb6 Rb1) 46. Rb6 $1 $11 Kc7 47. Rb3 Kc6 48. Rb8 Kd5 {Threatens to win with ...f6.} 49. Rb7 Kd4 {And now ...Kc3 would win.} 50. Rb8 f6 51. Rd8+ $2 {[%mdl 8192]} (51. Kg2 $1 $11) 51... Kc3 $19 52. Rc8+ Kd2 53. Rb8 Ke1 $2 (53... Kc2 $19 54. Rc8+ Kd3) 54. Kg2 $1 $11 Ke2 {aiming for ...Ke1.} 55. Re8+ Kd3 56. Rb8 g5 (56... Kc3 $17 57. Rc8+ Kd3 58. Rd8+ Ke4 59. Re8+ Kf5) 57. hxg5 fxg5 {...Kc3 is the strong threat.} 58. f4 gxf4 59. gxf4 Ke4 60. f5 Kxf5 61. Kh2 $2 {[%mdl 8192]} (61. Rb6 $11 Kg5 62. Rb8) 61... Kf4 62. Rf8+ {[%mdl 32768] Accuracy: White = 66%, Black = 72%. . An unexpected result.} 1/2-1/2

[Event "AUT-ch Open 2020"]
[Site "Graz"]
[Date "2020.02.14"]
[Round "1.20"]
[White "Dudas, Eszter"]
[Black "Janzelj, Tim"]
[Result "0-1"]
[WhiteElo "2164"]
[BlackElo "2451"]
[Annotator "TA"]
[PlyCount "288"]
[EventDate "2020.02.14"]
[EventType "swiss"]
[EventCountry "AUT"]
[SourceTitle "playchess.com"]
[Source "ChessBase"]
[SourceQuality "1"]

{[%evp 9,288,-3,30,4,6,6,10,6,9,2,9,10,12,2,37,5,14,0,23,0,18,0,0,-4,0,0,-2,-10,0,0,79,79,93,93,73,62,69,65,62,0,68,51,54,41,50,18,19,8,22,0,0,0,0,0,0,0,0,0,0,0,0,0,0,-11,0,-8,-8,-8,0,0,0,0,0,0,0,0,0,0,7,7,42,42,42,0,7,7,7,5,42,5,8,8,42,42,42,0,8,0,18,18,18,0,0,0,0,0,0,0,0,0,0,0,0,0,0,0,0,0,10,10,10,11,18,19,25,25,25,0,0,0,0,0,0,0,0,0,0,-18,0,-5401,-4630,-2216,0,0,0,0,0,0,0,-77,-85,-179,-179,-1400,-179,-1075,-1333,-1175,-970,-930,-908,-678,-497,-431,-179,-930,-179,-179,-179,-179,0,0,0,0,0,0,0,0,0,0,0,0,0,0,0,0,0,0,0,0,0,0,0,0,0,0,0,0,0,0,0,0,0,0,0,0,0,0,0,-75,-75,-75,-75,-75,0,0,0,-179,-179,-179,-75,-121,-78,-541,-541,-29958,-29958,-29954,-29958,-29962,-29963,-29964,-29965,-29966,-29968,-29968,-29969,-29969,-29971,-29971,-29972,-29972,-29973,-29973,-29974,-29974,-29975,-29975,-29976,-29976,-29975,-29976,-29977,-29977,-29978,-29978,-29979,-29979,-29974,-29978,-29979,-29979,-29978,-29977,-29970,-29969,-29967,-29984,-29985,-29985,-29982,-29986,-29983,-29983,-29984,-29992,-29993,-29996,-29997,-29997,-29998]} 1. e4 c6 2. d4 d5 3. exd5 cxd5 4. Nf3 Nc6 5. Ne5 Nf6 (5... e6 {looks sharper.} 6. Bb5 Qc7 7. Bf4 Bd6 8. Qg4 Kf8) 6. Bb5 {B13: Caro-Kann: Exchange Variation and Panov-Botvinnik Attack.} (6. c3 {keeps more tension.} e6 7. f4 Ne4 8. g3 Bd6 9. Nd2) 6... Bd7 7. Nxd7 Qxd7 8. c3 {The position is equal.} e6 9. Nd2 Bd6 10. O-O O-O 11. Bd3 Rab8 12. a4 a6 {[#]} 13. Re1 $146 ({Predecessor:} 13. f4 Qc7 14. g3 Na5 15. Qe2 Rfc8 16. Ra2 Nc4 17. b3 Nxd2 18. Bxd2 Qc6 19. Re1 {1-0 (41) Wen,Y (2613)-Yu,R (2526) China 2017}) 13... Qc7 14. h3 b5 15. axb5 axb5 16. Nf3 h6 17. Qe2 b4 18. Ne5 Rfe8 19. Ra6 Nd8 (19... Bxe5 $1 $11 20. dxe5 Nd7) 20. Bf4 $36 {[%mdl 2048] White is really pushing.} Rb6 21. Rxb6 Qxb6 22. Ra1 bxc3 23. bxc3 Qc7 24. Qf3 (24. Ra6 $14) 24... Ne4 ({Black should try} 24... Nc6 $11) 25. Bxe4 dxe4 26. Qxe4 Qxc3 27. Ra8 (27. Rc1 $5 {[%cal Rc1c3]} Qb3 28. Rc8 $16) 27... Qc7 28. Bd2 f5 29. Qb1 Bxe5 30. dxe5 Qd7 31. Ba5 {Black must now prevent Qb8.} (31. Bc3 {is interesting.} Nc6 32. Ra6 Ne7 33. Rd6 Qc7 34. Qd3) 31... Nc6 32. Rxe8+ Qxe8 33. Qb5 Qc8 34. Qc5 Qd7 35. Bc3 Kf7 36. Kh2 Ne7 37. Bb4 Ng6 38. g3 Qd5 39. Qxd5 exd5 $11 {[%mdl 4096] Endgame KB-KN} 40. f4 Ke6 41. Bc5 Kd7 42. Kg2 Kc6 43. Ba3 Kd7 44. Kf3 Ke6 45. Ke3 h5 46. Kf3 Nh8 47. Bb4 Nf7 48. Ba5 g6 49. Bb6 Kd7 50. Ke3 Ke7 51. Kd4 Ke6 52. Ke3 g5 53. Bd4 g4 54. h4 Nd8 $1 55. Bc3 Kd7 56. Bd4 Kc6 57. Ba7 Ne6 58. Kd3 (58. Bd4 $5) 58... Kb5 59. Kc3 Ka4 60. Bb6 Ka3 61. Ba7 Ka4 62. Bb6 Kb5 63. Ba7 Kc6 64. Bf2 Nc7 65. Kb4 Nb5 66. Bg1 d4 67. Kc4 Nc3 $1 68. Bxd4 Ne4 69. Ba7 Nxg3 70. Kd3 Kd5 71. Ke3 Ne4 72. Bb6 Nc3 73. Ba7 (73. Kd3 $5 {[%cal Rd3c3]} Na4 74. Bf2 $11) 73... Ke6 74. Kd3 $2 {[%mdl 8192]} (74. Kf2 $11) 74... Nd5 $19 75. Be3 Ne7 $2 ({Better is} 75... g3 $19 {Hoping for ...g2.} 76. Ke2 g2) 76. Bf2 $11 Ng6 77. Ke3 Kd5 78. Be1 Kc4 79. Bg3 (79. Ba5 $11 {keeps the balance.}) 79... Ne7 $1 $17 80. Bh2 (80. Kd2 $17 {might work better.}) 80... Nd5+ $19 81. Ke2 $2 (81. Kd2) 81... Kd4 82. Bg1+ $2 (82. Bg3) 82... Ke4 83. Bh2 Nc7 84. Bg3 Ne6 85. Bh2 Nd4+ 86. Kf2 Kd3 (86... Nc6 $142 87. Bg3 Nd8) 87. Bg3 $2 (87. Kg2) 87... Ne6 $2 (87... Nc6 88. Kg2 Ke3) 88. Bh2 Nc5 89. Bg1 Kd2 $2 (89... Ke4 $1 $19 90. Bh2 Ne6) 90. Kg3 $1 $11 Ne6 {Black wants to play ...Kd3.} 91. Bb6 Kd3 92. Ba5 $1 Ke3 (92... Nd4 $5 93. Kf2 $8 Ne6 $11) 93. Be1 Kd4 94. Ba5 Kd3 95. Bb4 Nd4 (95... Ke4 $5 96. Bd2 $8 Nd4 $11) 96. Kf2 Kc4 (96... Ne6 $5 97. Kg3 $8 Ke2 $11) 97. Ba5 Kd5 98. Bc3 {Bxd4 is the strong threat.} Nc6 99. Ke3 Kc4 100. Be1 Nd4 101. Ba5 Ne6 102. Be1 Kb3 103. Ba5 Kc2 104. Be1 Nc7 105. Kf2 Nd5 {Threatens to win with ...Kd1.} 106. Kg3 Kd3 107. Ba5 $1 Ke2 108. Bd8 $1 Nc3 {( -> ...Kf1)} 109. Ba5 ({Don't play} 109. e6 Ne4+ 110. Kg2 Kd3 $17) (109. Kg2 $1 $11 {remains equal.}) 109... Ne4+ $17 110. Kg2 Ke3 111. Bc7 Kd3 (111... Nc3 $1 $17 {[%cal Rc3d5] Strongly threatening ...Nd5!} 112. Bd8 Kxf4) 112. Bb6 Nc3 113. Kf2 $2 (113. Bd8 $1 $11 {and White has nothing to worry.}) 113... Nd5 $1 $19 {[%csl LRb6,LRf4]} 114. e6 {[#]} Nf6 (114... Kc4 $1 $19 115. Bd8 Kc5) 115. Bd8 Ne8 116. Bb6 $2 {[%mdl 8192] [#]} (116. Ba5 $17 {is a better chance.}) 116... Ke4 $1 117. Kg3 Kd5 {Black mates.} 118. e7 Kd6 119. Bd8 Kd7 120. Kf2 Nf6 121. Kg2 Nd5 122. e8=Q+ Kxe8 123. Bg5 Kd7 124. Kf2 Kc6 125. Bh6 Kc5 126. Bf8+ Kd4 127. Bd6 Ke4 128. Kg3 Nc3 129. Kf2 Kd3 130. Bb8 Ne4+ 131. Kg2 Ke3 132. Be5 Nd2 133. Kg3 Ke2 134. Kg2 Nf3 135. Bf6 Ne1+ 136. Kg3 Kf1 137. Bd4 Nd3 138. Bb6 Nc1 139. Be3 Ne2+ 140. Kh2 g3+ 141. Kh3 g2 142. Bg1 Nxg1+ 143. Kh2 Nf3+ {[%mdl 64] Double Attack} 144. Kh3 {[#]} Ne5 $1 {[%mdl 64] Promotion. Accuracy: White = 78%, Black = 85%.} 0-1